The economics of organization and coordination : (Registro nro. 12245)
[ vista simple ]
| 000 -LEADER | |
|---|---|
| fixed length control field | 00947 a2200253 4500 |
| 003 - CONTROL NUMBER IDENTIFIER | |
| control field | OSt |
| 005 - DATE AND TIME OF LATEST TRANSACTION | |
| control field | 20210824100935.0 |
| 008 - FIXED-LENGTH DATA ELEMENTS--GENERAL INFORMATION | |
| fixed length control field | 130912s2011 enkad fr|||| 001 0 eng d |
| 020 ## - INTERNATIONAL STANDARD BOOK NUMBER | |
| International Standard Book Number | 9781848441897 |
| 040 ## - CATALOGING SOURCE | |
| Original cataloging agency | CO-BoUCM |
| Transcribing agency | CO-JMCR |
| 041 00 - LANGUAGE CODE | |
| Language code of text/sound track or separate title | eng |
| 082 04 - DEWEY DECIMAL CLASSIFICATION NUMBER | |
| Classification number | 338.5024658 / |
| Item number | J84e |
| Edition number | 23 |
| 100 1# - MAIN ENTRY--PERSONAL NAME | |
| Personal name | Jost, Peter-J., |
| Relator term | author |
| 9 (RLIN) | 45026 |
| 245 14 - TITLE STATEMENT | |
| Title | The economics of organization and coordination : |
| Remainder of title | an introduction / |
| Statement of responsibility, etc. | Peter-J. Jost |
| 260 ## - PUBLICATION, DISTRIBUTION, ETC. | |
| Place of publication, distribution, etc. | Cheltenham, UK : |
| Name of publisher, distributor, etc. | Edward Elgar, |
| Date of publication, distribution, etc. | 2011. |
| 300 ## - PHYSICAL DESCRIPTION | |
| Extent | xvi, 376 pages : |
| Other physical details | Illustrations and graphics in black and white ; |
| Dimensions | 24 cm. |
| 504 ## - BIBLIOGRAPHY, ETC. NOTE | |
| Bibliography, etc. note | Bibliography : pages 351-369. |
| 505 0# - FORMATTED CONTENTS NOTE | |
| Formatted contents note | Organizations and the their architecture. -- Cordinating economic activites. -- hierarcies as a coordination mechanism. -- |
| 650 14 - SUBJECT ADDED ENTRY--TOPICAL TERM | |
| Topical term or geographic name entry element | Managerial economics |
| 9 (RLIN) | 13693 |
| 650 24 - SUBJECT ADDED ENTRY--TOPICAL TERM | |
| Topical term or geographic name entry element | Organisationstheorie |
| 9 (RLIN) | 45064 |
| 650 24 - SUBJECT ADDED ENTRY--TOPICAL TERM | |
| Topical term or geographic name entry element | Organization |
| 9 (RLIN) | 45065 |
| 690 ## - LOCAL SUBJECT ADDED ENTRY--TOPICAL TERM (OCLC, RLIN) | |
| Topical term or geographic name as entry element | Microeconoma̕ |
| 9 (RLIN) | 39555 |
| 942 ## - ADDED ENTRY ELEMENTS (KOHA) | |
| Koha item type | Books |
| Source of classification or shelving scheme | Dewey Decimal Classification |
| Withdrawn status | Lost status | Source of classification or shelving scheme | Damaged status | Not for loan | Home library | Current library | Shelving location | Date acquired | Source of acquisition | Full call number | Barcode | Date last seen | Copy number | Price effective from | Koha item type |
|---|---|---|---|---|---|---|---|---|---|---|---|---|---|---|---|
| Dewey Decimal Classification | Biblioteca Pública José María del Castillo y Rada | Biblioteca Pública José María del Castillo y Rada | General Stacks | 04/15/2018 | Donación | 338.5024658 / J84e | 430000414 | 05/16/2024 | Ej.1 | 03/10/2021 | Books |